| 000 | 00432nam a2200169Ia 4500 | ||
|---|---|---|---|
| 003 | GCL | ||
| 008 | 140319s9999 xx 000 0 eng d | ||
| 040 |
_aGCL / _cGCL |
||
| 082 | 0 | 4 |
_a387.73352 _bD R |
| 100 | 1 | _aDOWHING,JOHN | |
| 245 | 1 | 0 |
_aR A F HELICOPTERS: THE FIRST TWENTY YEARS / _cDOWHING,JOHN |
| 260 |
_a[S.N] : _bH M S O ، _c1992 |
||
| 300 | _a489 P | ||
| 650 | 0 | 4 | _aHELICOPTER |
| 650 | 0 | 4 | _aMIDDLE EAST |
| 942 |
_2ddc _cBK |
||
| 999 |
_c15016 _d15016 |
||